| 000 | 00759nam a2200217 a 4500 | ||
|---|---|---|---|
| 001 | 000035005 | ||
| 005 | 20200930074036.0 | ||
| 008 | 111024s1963 ag 000 0 spa d | ||
| 040 |
_aDO-SdBNP _bspa _cBNPHU |
||
| 082 |
_axxxx _bxxxx |
||
| 100 | 1 |
_aWaddington, C. H. _960619 |
|
| 245 | 1 | 3 |
_aEl aminal ético / _cC.H. Waddington ; traducción Mario A. Marino. |
| 260 |
_aBuenos Aires, : _bEUDEBA, _c1963. |
||
| 300 |
_a270 p. ; _c19 cm. |
||
| 490 | 1 | _aEnsayos | |
| 504 | _aIncluye referencias bibliográficas y notas al pie de las páginas | ||
| 590 | _aPerteneció a la biblioteca personal de Juan Isidro Jimenes Grullón | ||
| 700 | 1 |
_aMarino, Mario A. _rtr. _960620 |
|
| 710 | 1 |
_aEditorial universitaria de Buenos Aires _960621 |
|
| 830 | 0 |
_aEnsayos _911110 |
|
| 999 |
_c34496 _d34496 |
||